Widok standardowy
Widok MARC
Pozycja Personal Name
Liczba rekordów, w których użyto hasła: 1
001 - Numer kontrolny
- control field: 39191
003 - Identyfikator numeru kontrolnego
- control field: NUKAT
005 - Data i czas ostatniej modyfikacji
- control field: 20260330084656.0
008 - Dane kontrolne kodowane (40 znaków)
- fixed length control field: 010509n||a|znnaabn |a aaa |c
010 ## - Numer kontrolny Biblioteki Kongresu
- numer kontrolny LC: n 01093452
024 7# - OTHER STANDARD IDENTIFIER
- Standard number or code: 164184033
- Source of number or code: viaf
024 7# - OTHER STANDARD IDENTIFIER
- Standard number or code: 0000000112628143
- Source of number or code: isni
024 7# - OTHER STANDARD IDENTIFIER
- Standard number or code: Q94658684
- Source of number or code: wikidata
040 ## - Instytucja sporządzająca rekord
- inst. przygot. dane do rek. khw: KR 7/MK
- język haseł przedmiotowych/tezaurus: kaba
- inst. wprow. rek. khw: KR 7/MK
- inst. modyf. rek. khw: KR 7/EG
046 ## - Special dates
- Birth date: 1869
- Death date: 1949
100 1# - Hasło - nazwa osobowa
- nazwa osobowa w formie ujednoliconej: Jackowski, Aleksander Romuald
- daty biograficzne: (1869-1949).
372 ## - Field of activity
- Field: Prawo.
- Auth control #: http://nukat.edu.pl/aut/s 94013097
- Source of term: kaba
374 ## - Occupation
- Occupation: Prawnicy.
- Auth control #: http://nukat.edu.pl/aut/s 95011492
- Source of term: kaba
400 1# - Trop zob. - nazwa osobowa
- nazwa osobowa (nazwisko, imiona): Jackowski, Aleksander
- daty biograficzne: (1869-1949).
400 1# - Trop zob. - nazwa osobowa
- nazwa osobowa (nazwisko, imiona): Jackowski, Al.
670 ## - Źródło informacji
- źródło informacji: Kp. Z zakresu prawodawstw spółkowych / Aleksander Jackowski. - Warszawa, 1908.
670 ## - Źródło informacji
- źródło informacji: PSB. - 1963
670 ## - Źródło informacji
- źródło informacji: Księga gospodarcza Polski / pod red. Al. Jackowskiego. - Wyd. 2. - Warszawa, 1939.